000 01041nam a2200241 a 4500
001 000032245
005 20240530073935.0
008 110713s1906 dr r 000 0 spa d
040 _aDO-SdBNP
_bspa
_cBNPHU
082 _aRD868.2
_bM562o
100 1 _aMeriño, Fernando Arturo de
_d1833-1906
_951821
245 1 0 _aObras del Padre Meriño :
_bDon Fernándo Arturo de Meriño, expresidente de la República y arzobispo dde Santo Domingo /
_cprólogo Manuel A. Machado.
260 _aSanto Domingo :
_bImp. La cuna de América,
_c1906.
300 _a280 p. ;
_c24 cm.
500 _aColección de algunos de sus trabajos oratorios y literarios, religiosos y políticos
500 _aEdición conmemorativa de su jubileo sacerdotal, 1856-1906
590 _aInventariado, 2019/BT
600 1 4 _aMERIÑO, FERNANDO ARTURO DE,
_d1833-1906
_xCOLECCIONES DE ESCRITOS
_958306
650 0 _aLiteratura dominicana.
_967
650 0 _aEnsayos dominicanos
_965
700 1 _aMachado, Manuel A.,
_epról.
_930827
910 _aValidado. Control de calidad MFF
999 _c31736
_d31736